[Event "TCh-ESP 1a Division Zona Norte"]
[Site "Barcelona ESP"]
[Date "2006.08.19"]
[Round "5.8"]
[White "Almeida Toledano, Daniel"]
[Black "Oussama, Omar"]
[Result "1/2-1/2"]
[WhiteElo "2250"]
[BlackElo "2292"]
[PlyCount "65"]
[EventDate "2006.08.16"]
[EventType "team"]
[EventRounds "6"]
[EventCountry "ESP"]
[Source "lmi"]
[SourceDate "2006.08.21"]

1. e4 c5 2. Nf3 Nc6 3. d4 cxd4 4. Nxd4 Nf6 5. Nc3 e5 6. Ndb5 d6 7. Bg5 a6 8.
Na3 b5 9. Nab1 Be7 10. Bxf6 Bxf6 11. a4 b4 12. Nd5 Bg5 13. Bc4 O-O 14. O-O Be6
15. c3 bxc3 16. Nbxc3 Kh8 17. Rb1 a5 18. Nb5 Nb4 19. b3 Na6 20. Qe2 Nc5 21.
Rbd1 Rc8 22. Ndc3 Nxb3 23. Bxe6 fxe6 24. Rxd6 Nd4 25. Qd3 Qe7 26. Ne2 Rfd8 27.
Rxd8+ Rxd8 28. Nexd4 exd4 29. e5 Qc5 30. Nd6 Rf8 31. Ne4 Qxe5 32. Nxg5 Qxg5 33.
Qxd4 1/2-1/2

[Event "TCh-ESP 1a Division Zona Norte"]
[Site "Barcelona ESP"]
[Date "2006.08.19"]
[Round "5.8"]
[White "Rodriguez Melgar, Josep M"]
[Black "Barquero Pinar, Denis"]
[Result "1-0"]
[WhiteElo "2203"]
[BlackElo "2164"]
[PlyCount "69"]
[EventDate "2006.08.16"]
[EventType "team"]
[EventRounds "6"]
[EventCountry "ESP"]
[Source "lmi"]
[SourceDate "2006.08.21"]

1. e4 c5 2. Nf3 d6 3. d4 cxd4 4. Qxd4 Nc6 5. Bb5 Bd7 6. Bxc6 Bxc6 7. Nc3 Nf6 8.
Bg5 e6 9. O-O-O h6 10. Bh4 Be7 11. Bg3 e5 12. Qd3 a6 13. Nd2 b5 14. f4 b4 15.
Nd5 Bxd5 16. exd5 exf4 17. Bxf4 O-O 18. Nc4 Rc8 19. Rhe1 Nh5 20. Bd2 Bg5 21. b3
Bxd2+ 22. Qxd2 a5 23. g4 Qf6 24. Kb1 Nf4 25. Nxa5 Ra8 26. Qxb4 Rfb8 27. Qd2 Rb5
28. Rf1 Rbxa5 29. Rxf4 Qd8 30. a4 Rc5 31. Rdf1 Ra7 32. Ka2 Rac7 33. c4 Re7 34.
Re1 Rcc7 35. Rfe4 1-0

[Event "TCh-ESP 1a Division Zona Norte"]
[Site "Barcelona ESP"]
[Date "2006.08.19"]
[Round "5.9"]
[White "Santos Santos, Pablo"]
[Black "Siebrecht, Sebastian"]
[Result "0-1"]
[WhiteElo "2325"]
[BlackElo "2414"]
[PlyCount "112"]
[EventDate "2006.08.16"]
[EventType "team"]
[EventRounds "6"]
[EventCountry "ESP"]
[Source "lmi"]
[SourceDate "2006.08.21"]

1. d4 g6 2. Nf3 Bg7 3. c4 d6 4. g3 Nf6 5. Bg2 O-O 6. O-O Nbd7 7. Nc3 e5 8. e4
a5 9. h3 c6 10. Be3 exd4 11. Nxd4 Re8 12. Re1 Nc5 13. Qc2 a4 14. Rab1 Qe7 15.
b4 axb3 16. axb3 Nfxe4 17. Nxe4 Nxe4 18. Bxe4 Qxe4 19. Bd2 Qxe1+ 20. Rxe1 Rxe1+
21. Bxe1 Bxd4 22. Bc3 Bf5 23. Qd2 Bxc3 24. Qxc3 Bxh3 25. Qb4 b5 26. cxb5 cxb5
27. Qxb5 Be6 28. b4 h5 29. Qd3 Ra1+ 30. Kg2 Bf5 31. Qd4 Rb1 32. f3 d5 33. Kf2
Rb3 34. Qc5 Rb2+ 35. Ke1 Rb1+ 36. Ke2 Rb2+ 37. Ke3 Rb3+ 38. Kf4 Kg7 39. g4 hxg4
40. fxg4 Bd3 41. Qd4+ Kh7 42. Kg5 Bc4 43. Qf4 d4 44. Qh2+ Kg7 45. Qd6 Rf3 46.
Kh4 Be6 47. b5 d3 48. b6 d2 49. b7 f6 50. Qe7+ Bf7 51. g5 d1=Q 52. gxf6+ Rxf6
53. b8=Q Qh1+ 54. Kg4 Qh5+ 55. Kg3 Rf3+ 56. Kg2 Qh3+ 0-1

[Event "TCh-ESP 1a Division Zona Norte"]
[Site "Barcelona ESP"]
[Date "2006.08.19"]
[Round "5.9"]
[White "Souleidis, Georgios"]
[Black "Garcia Garcia, Jose Luis"]
[Result "1-0"]
[WhiteElo "2412"]
[BlackElo "2220"]
[PlyCount "33"]
[EventDate "2006.08.16"]
[EventType "team"]
[EventRounds "6"]
[EventCountry "ESP"]
[Source "lmi"]
[SourceDate "2006.08.21"]

1. e4 e5 2. d4 exd4 3. Qxd4 Nc6 4. Qe3 g6 5. Nc3 Bg7 6. Bd2 Nf6 7. O-O-O O-O 8.
Bc4 Na5 9. Be2 d5 10. exd5 Nxd5 11. Qc5 c6 12. Nxd5 cxd5 13. Qxa5 Qf6 14. Bc3
Bh6+ 15. Kb1 Qxf2 16. Qxd5 Bf5 17. Qd4 1-0

[Event "TCh-ESP 1a Division Zona Norte"]
[Site "Barcelona ESP"]
[Date "2006.08.19"]
[Round "5.9"]
[White "Bayon Fernandez, Rogelio"]
[Black "Mascaro March, Pedro"]
[Result "1/2-1/2"]
[WhiteElo "2185"]
[BlackElo "2359"]
[PlyCount "127"]
[EventDate "2006.08.16"]
[EventType "team"]
[EventRounds "6"]
[EventCountry "ESP"]
[Source "lmi"]
[SourceDate "2006.08.21"]

1. d4 Nf6 2. Nf3 c5 3. e3 d5 4. b3 Nc6 5. Bb2 Bg4 6. Be2 e6 7. h3 Bh5 8. Nbd2
cxd4 9. Nxd4 Bxe2 10. Qxe2 Bb4 11. O-O O-O 12. Rfd1 Qe7 13. c4 Ba3 14. Nxc6
bxc6 15. Bxa3 Qxa3 16. e4 a5 17. exd5 cxd5 18. cxd5 Nxd5 19. Qe5 a4 20. Rdb1 h6
21. Nc4 Qb4 22. a3 Qb5 23. Nd6 Qd3 24. b4 Nc3 25. Re1 Rad8 26. Re3 Qxd6 27.
Qxd6 Rxd6 28. Rxc3 Rfd8 29. Re1 Rd3 30. Re3 Rxc3 31. Rxc3 Rd1+ 32. Kh2 Ra1 33.
Kg3 Kf8 34. Kf3 Ra2 35. Ke3 g5 36. g4 Ke7 37. Kd4 Rxf2 38. Kc5 f5 39. gxf5 exf5
40. b5 Rb2 41. b6 Kd7 42. Rd3+ Ke7 43. Kc6 Rc2+ 44. Kd5 Rb2 45. Re3+ Kd7 46.
Kc5 Rb3 47. Re5 Rxa3 48. Rxf5 Rb3 49. Rf7+ Kd8 50. Ra7 a3 51. Kc6 Rc3+ 52. Kb7
Rxh3 53. Ka8 Rb3 54. b7 g4 55. b8=Q+ Rxb8+ 56. Kxb8 h5 57. Rxa3 Ke7 58. Ra5 Kf6
59. Rxh5 Kg6 60. Rh8 Kf5 61. Kc7 g3 62. Kd6 Kf4 63. Kd5 g2 64. Rg8 1/2-1/2

[Event "TCh-ESP 1a Division Zona Norte"]
[Site "Barcelona ESP"]
[Date "2006.08.19"]
[Round "5.9"]
[White "Ferrer Roig, Juan"]
[Black "Garcia del Blanco, Ivan"]
[Result "0-1"]
[WhiteElo "2127"]
[BlackElo "2143"]
[PlyCount "78"]
[EventDate "2006.08.16"]
[EventType "team"]
[EventRounds "6"]
[EventCountry "ESP"]
[Source "lmi"]
[SourceDate "2006.08.21"]

1. e4 c5 2. Nf3 Nc6 3. Bb5 Na5 4. O-O e6 5. d4 a6 6. Be2 b5 7. c3 cxd4 8. cxd4
Nf6 9. Bg5 h6 10. Bxf6 Qxf6 11. Qc2 Bb7 12. Nbd2 Qd8 13. Rfe1 Be7 14. Rac1 O-O
15. Qd3 d5 16. e5 Nc4 17. b3 Nxd2 18. Qxd2 Qb6 19. Qd3 Rfc8 20. a4 b4 21. Red1
Rc6 22. Qe3 Rac8 23. Ne1 Rc3 24. Bd3 a5 25. Rb1 Ba6 26. g3 R8c6 27. Kg2 Bd8 28.
Nf3 Bc7 29. Rb2 Bb8 30. Ng1 Bxe5 31. Ne2 Rxd3 32. Rxd3 Bxd3 33. Qxd3 Bf6 34.
Rd2 Bg5 35. f4 Bf6 36. h4 h5 37. Qf3 Qc7 38. Qxh5 Rc2 39. Rd1 Qc3 0-1

[Event "TCh-ESP 1a Division Zona Norte"]
[Site "Barcelona ESP"]
[Date "2006.08.19"]
[Round "5.10"]
[White "Guerrero Olmos, Sergio"]
[Black "Mate Adan, Carlos"]
[Result "0-1"]
[WhiteElo "2334"]
[BlackElo "2294"]
[PlyCount "66"]
[EventDate "2006.08.16"]
[EventType "team"]
[EventRounds "6"]
[EventCountry "ESP"]
[Source "lmi"]
[SourceDate "2006.08.21"]

1. d4 Nf6 2. Bg5 d5 3. e3 c6 4. Bxf6 exf6 5. c3 Bd6 6. Bd3 Be6 7. Nd2 Nd7 8.
Qc2 g6 9. Ne2 f5 10. O-O O-O 11. h3 Nf6 12. c4 dxc4 13. Bxc4 Bd7 14. a3 Qe7 15.
Nc3 Rfe8 16. Bd3 Rac8 17. b4 Kg7 18. Rae1 Bb8 19. Qb2 Qd6 20. Nf3 Ne4 21. Bxe4
fxe4 22. Ne5 f6 23. Nxe4 Qc7 24. f4 fxe5 25. fxe5 Rf8 26. Nd6 Rcd8 27. Qa2 Bc8
28. Ne4 Bf5 29. Nf6 Qe7 30. e4 Bc8 31. Rf3 Rxd4 32. Ref1 Rdd8 33. Nh5+ gxh5 0-1

[Event "TCh-ESP 1a Division Zona Norte"]
[Site "Barcelona ESP"]
[Date "2006.08.19"]
[Round "5.10"]
[White "Bolado Saez, Sergio"]
[Black "Alvarez Fernandez, Enrique"]
[Result "0-1"]
[WhiteElo "2290"]
[BlackElo "2267"]
[PlyCount "142"]
[EventDate "2006.08.16"]
[EventType "team"]
[EventRounds "6"]
[EventCountry "ESP"]
[Source "lmi"]
[SourceDate "2006.08.21"]

1. e4 c5 2. Nf3 d6 3. d4 cxd4 4. Nxd4 Nf6 5. Nc3 a6 6. Bg5 e6 7. f4 Be7 8. Qf3
h6 9. Bh4 Nbd7 10. Bg3 Qc7 11. O-O-O b5 12. e5 Bb7 13. Qe2 dxe5 14. fxe5 Nd5
15. Nxd5 Bxd5 16. Nf5 Bxa2 17. Nxe7 Kxe7 18. Qf3 Rhc8 19. Qa3+ Qc5 20. Qxc5+
Rxc5 21. Be1 Rc6 22. Bb4+ Ke8 23. Bd6 Bd5 24. Bd3 Nb6 25. Rhf1 Ra7 26. Rf4 Nc8
27. Bb4 Rcc7 28. Rg4 g6 29. Rf1 Bc4 30. Bxc4 Rxc4 31. Rxc4 bxc4 32. Rf4 Rc7 33.
Kd2 Ne7 34. Bxe7 Kxe7 35. Kc3 Rc5 36. Re4 Kf8 37. g4 g5 38. h3 Ke7 39. Re2 Rb5
40. Re4 Kf8 41. Re3 Kg7 42. Re1 Kg6 43. Re3 h5 44. Re4 hxg4 45. hxg4 Kg7 46.
Re1 Kf8 47. Re2 Ke7 48. Re1 a5 49. Re2 Rc5 50. Kd4 Rc7 51. Rf2 a4 52. Kc3 Rc5
53. Kd4 Rd5+ 54. Ke4 Rd1 55. Rf3 Rg1 56. Ra3 Rxg4+ 57. Kf3 Rf4+ 58. Ke3 Rf5 59.
Ke4 Rf2 60. c3 g4 61. Rxa4 g3 62. Ra7+ Kf8 63. Ra1 g2 64. Rg1 Rxb2 65. Kd4 Kg7
66. Kxc4 Kg6 67. Kd4 Kg5 68. c4 Kg4 69. c5 Kg3 70. Kc3 Re2 71. c6 Rxe5 0-1

[Event "TCh-ESP 1a Division Zona Norte"]
[Site "Barcelona ESP"]
[Date "2006.08.19"]
[Round "5.10"]
[White "Cenal Gutierrez, Ruben"]
[Black "Ruiz Marana, Alejandro"]
[Result "1-0"]
[WhiteElo "2266"]
[BlackElo "2130"]
[PlyCount "141"]
[EventDate "2006.08.16"]
[EventType "team"]
[EventRounds "6"]
[EventCountry "ESP"]
[Source "lmi"]
[SourceDate "2006.08.21"]

1. e4 c6 2. d4 d5 3. exd5 cxd5 4. c4 Nf6 5. Nc3 Be6 6. c5 Nc6 7. Nf3 g6 8. Bb5
Bg7 9. Bf4 O-O 10. Bxc6 bxc6 11. Qa4 Qc8 12. O-O Qb7 13. b4 Ne4 14. Rac1 Rfe8
15. h3 Bf5 16. Rfe1 f6 17. Qb3 Kh8 18. Nxe4 Bxe4 19. Nd2 Bf5 20. Qc3 g5 21. Bh2
g4 22. hxg4 Bxg4 23. Bf4 Rg8 24. b5 Rae8 25. bxc6 Qxc6 26. Re3 Qd7 27. Rce1 e5
28. c6 Qf5 29. Bg3 Bh6 30. dxe5 Bxe3 31. Rxe3 Rgf8 32. c7 fxe5 33. Rxe5 Rxe5
34. Bxe5+ Kg8 35. f3 Bh5 36. Bd6 Re8 37. g4 Bxg4 38. fxg4 Qxg4+ 39. Qg3 Qxg3+
40. Bxg3 Kf7 41. Nf3 Ke6 42. Kf2 Kd7 43. Nd4 a6 44. Nb3 Kc6 45. Kf3 h5 46. Nd4+
Kb7 47. a4 a5 48. Nb5 Rf8+ 49. Ke3 Kc6 50. Bh4 Kd7 51. Bg5 Rg8 52. Bh4 d4+ 53.
Kd3 Rg4 54. Bd8 Rg8 55. Nd6 Rxd8 56. cxd8=Q+ Kxd8 57. Nf5 Kc7 58. Kxd4 Kb6 59.
Kd5 Kb7 60. Kc5 Ka6 61. Kc6 Ka7 62. Kb5 Ka8 63. Ka6 Kb8 64. Kb6 Kc8 65. Kxa5
Kc7 66. Kb5 Kc8 67. Kb6 Kb8 68. a5 Kc8 69. a6 Kb8 70. a7+ Ka8 71. Ne7 1-0

[Event "TCh-ESP 1a Division Zona Norte"]
[Site "Barcelona ESP"]
[Date "2006.08.19"]
[Round "5.10"]
[White "Franco Arroyo, José"]
[Black "Fidalgo Fernandez, Javier"]
[Result "1/2-1/2"]
[WhiteElo "2125"]
[BlackElo "2225"]
[PlyCount "108"]
[EventDate "2006.08.16"]
[EventType "team"]
[EventRounds "6"]
[EventCountry "ESP"]
[Source "lmi"]
[SourceDate "2006.08.21"]

1. Nf3 d5 2. d3 Nf6 3. Nbd2 e6 4. g3 Nc6 5. Bg2 Bc5 6. O-O O-O 7. e4 dxe4 8.
dxe4 e5 9. c3 a5 10. Qa4 Bd7 11. Qc2 Qc8 12. Nc4 Bh3 13. Be3 Bxg2 14. Kxg2 Bxe3
15. Nxe3 Rd8 16. Rad1 Qe6 17. Ng5 Qe7 18. Nf5 Qf8 19. Qb3 Rxd1 20. Rxd1 Rb8 21.
Qc4 h6 22. Nf3 Qe8 23. h3 Kh7 24. a4 Qe6 25. Ne3 Qxc4 26. Nxc4 Re8 27. Nfd2 Rd8
28. f3 Kg8 29. Ne3 Kf8 30. Ndc4 Rxd1 31. Nxd1 Nd7 32. Nde3 Ke8 33. Nd5 Kd8 34.
b4 axb4 35. cxb4 Nd4 36. Nde3 h5 37. Kf2 g6 38. a5 b5 39. axb6 cxb6 40. Nd5 Nc6
41. Ke3 Ke8 42. f4 f6 43. fxe5 fxe5 44. b5 Na7 45. Ndxb6 Nxb6 46. Nxb6 Nxb5 47.
Nc4 Kf7 48. Nxe5+ Kf6 49. Nd7+ Ke7 50. Nc5 Kf6 51. Nb3 Nc7 52. Nd2 g5 53. Nf3
Ne6 54. e5+ Kf5 1/2-1/2

[Event "TCh-ESP 1a Division Zona Norte"]
[Site "Barcelona ESP"]
[Date "2006.08.19"]
[Round "5.11"]
[White "Munoz Perez, Ivan"]
[Black "Suarez Pousa, Diego"]
[Result "0-1"]
[WhiteElo "2287"]
[BlackElo "2377"]
[PlyCount "72"]
[EventDate "2006.08.16"]
[EventType "team"]
[EventRounds "6"]
[EventCountry "ESP"]
[Source "lmi"]
[SourceDate "2006.08.21"]

1. e4 e5 2. Nf3 Nc6 3. Bc4 Bc5 4. d3 d6 5. c3 Nf6 6. Nbd2 O-O 7. O-O Kh8 8. h3
Ng8 9. Nb3 Bb6 10. Ng5 Qe7 11. Qh5 Nh6 12. Nf3 f5 13. Bg5 Qe8 14. Qxe8 Rxe8 15.
Bxh6 gxh6 16. Nh2 Ne7 17. Rae1 c6 18. Bf7 Rf8 19. Bh5 Ng6 20. Bxg6 hxg6 21. Nd2
Bd7 22. Re2 Rf7 23. g4 fxg4 24. hxg4 Rf4 25. Nc4 Bxg4 26. Nxg4 Rxg4+ 27. Kh2
Bc7 28. Ne3 Rg5 29. Ng2 Rf8 30. Re3 Bb6 31. Rh3 Rxf2 32. Rxf2 Bxf2 33. Rxh6+
Kg7 34. Rh3 Rh5 35. Rxh5 gxh5 36. Kh3 c5 0-1

[Event "TCh-ESP 1a Division Zona Norte"]
[Site "Barcelona ESP"]
[Date "2006.08.19"]
[Round "5.11"]
[White "Cruz Alvarez De Ron, Dan"]
[Black "Lakunza, Juan Carlos"]
[Result "1-0"]
[WhiteElo "2219"]
[BlackElo "2196"]
[PlyCount "108"]
[EventDate "2006.08.16"]
[EventType "team"]
[EventRounds "6"]
[EventCountry "ESP"]
[Source "lmi"]
[SourceDate "2006.08.21"]

1. g3 Nf6 2. Bg2 d5 3. d3 e5 4. Nd2 Be7 5. a3 O-O 6. b4 a5 7. b5 c6 8. a4 Re8
9. Bb2 Bc5 10. e3 Bg4 11. Ne2 d4 12. e4 cxb5 13. axb5 Qd7 14. Rb1 Bb4 15. h3
Bxe2 16. Qxe2 Qxb5 17. O-O Nc6 18. f4 Rac8 19. fxe5 Nd7 20. Nf3 Ndxe5 21. Nxd4
Bc5 22. c3 Qxd3 23. Kh2 Qxe2 24. Nxe2 Nc4 25. Bc1 b6 26. Nf4 N6e5 27. Rd1 Red8
28. Nd5 h6 29. Bf4 g5 30. Bc1 Kg7 31. Bf1 Rd6 32. Be2 Re6 33. Kg2 Rcc6 34. Re1
Rc8 35. Bd1 Rb8 36. Bb3 Nd3 37. Re2 Nxc1 38. Rxc1 Nd6 39. e5 Ne8 40. Rf1 Rb7
41. Ne3 Rxe5 42. Nf5+ Rxf5 43. Rxf5 Nd6 44. Rf3 b5 45. Re5 Rc7 46. Rd5 a4 47.
Ba2 a3 48. Rfd3 Nc4 49. Rd7 Ne5 50. Rxc7 Nxd3 51. Bb1 Be3 52. Re7 Ne1+ 53. Kf1
Nc2 54. Ba2 Kf6 1-0

[Event "TCh-ESP 1a Division Zona Norte"]
[Site "Barcelona ESP"]
[Date "2006.08.19"]
[Round "5.11"]
[White "Sanz Perez, Eduardo"]
[Black "Patino Romaris, Juan Roberto"]
[Result "0-1"]
[WhiteElo "2182"]
[BlackElo "2202"]
[PlyCount "66"]
[EventDate "2006.08.16"]
[EventType "team"]
[EventRounds "6"]
[EventCountry "ESP"]
[Source "lmi"]
[SourceDate "2006.08.21"]

1. f4 d5 2. Nf3 Nf6 3. e3 g6 4. d4 Bg7 5. Ne5 O-O 6. Bd3 b6 7. b4 c5 8. c3 Qc7
9. a4 Nc6 10. O-O cxb4 11. Nxc6 Qxc6 12. cxb4 Bf5 13. Bb5 Qd6 14. Bd2 a6 15.
Be2 Rfc8 16. g4 Bc2 17. Qe1 Ne4 18. Ra2 Bb3 19. Ra3 Bc4 20. b5 a5 21. Ra1 Bxe2
22. Qxe2 Rc2 23. Rc1 Rac8 24. Na3 Rxc1+ 25. Rxc1 Rxc1+ 26. Bxc1 Qb4 27. Qc2
Qe1+ 28. Kg2 Bf8 29. Nb1 e6 30. f5 gxf5 31. gxf5 exf5 32. Nd2 Qf2+ 33. Kh3 Ng5#
0-1

[Event "TCh-ESP 1a Division Zona Norte"]
[Site "Barcelona ESP"]
[Date "2006.08.19"]
[Round "5.11"]
[White "Corona Garcia, Tomas"]
[Black "Segovia Sanchez, Antonio"]
[Result "1-0"]
[WhiteElo "2194"]
[BlackElo "2044"]
[PlyCount "85"]
[EventDate "2006.08.16"]
[EventType "team"]
[EventRounds "6"]
[EventCountry "ESP"]
[Source "lmi"]
[SourceDate "2006.08.21"]

1. e4 d6 2. Nc3 Nf6 3. f4 g6 4. Nf3 Bg7 5. Bc4 O-O 6. d3 c6 7. e5 Ne8 8. O-O
Nc7 9. Qe1 Be6 10. Bxe6 Nxe6 11. Qg3 dxe5 12. fxe5 c5 13. Ne4 Nc6 14. Neg5 Ncd4
15. Qh4 h5 16. Nxe6 Nxe6 17. Be3 Qd7 18. Rad1 Rad8 19. h3 Qc7 20. Kh1 Rd7 21.
Bg1 Qb6 22. Qc4 Qa5 23. Nh4 b5 24. Qb3 Qb6 25. a4 a6 26. axb5 axb5 27. Bh2 Qc6
28. Ra1 Nd4 29. Qc3 Rd5 30. Rae1 Qe6 31. Nf3 Nc6 32. Qb3 b4 33. Ng5 Qd7 34.
Rxf7 Nxe5 35. Rxg7+ Kxg7 36. Bxe5+ Kh6 37. Ne6 Rf5 38. Bf4+ g5 39. Bh2 Rf6 40.
Nxc5 Rxc5 41. Qg8 Rc8 42. Rxe7 Qxe7 43. Qxc8 1-0